000 00289nam a22001337a 4500
008 170801b xxu||||| |||| 00| 0 eng d
020 _a9780130811523
041 _aeng
080 _a004
100 _a32
101 _aSHK
245 _aTHE XML HANDBOOK
_cGOLDFARB,CH.F
942 _2udc
_cBK
999 _c22396
_d22396